00573nam a2200145Ia 4500008004100000245015200041260003600193260000900229300000600238650002600244650001200270856005300282999001900335952007300354170516s9999 xx 000 0 und d 2aA Retrospective Analysis of the Clinical Impact of 939 Chest Radiographs Using the Medical Records, Mats Geijer, Liz Ivarsson, and Jan H. Göthlin bRadiology Research and Practice c2012 a: xRadiologic Technology xRadtech uhttps://www.hindawi.com/journals/rrp/contents/3/ c332111d332111 001040aCLbCLd2017-05-16l0r2017-05-16 00:00:00w2017-05-16yFOJ